| 000 | 01684 a2200265 4500 | ||
|---|---|---|---|
| 020 | _a0470853220 | ||
| 040 |
_aDLC _bDLC |
||
| 082 | 0 | 4 | _a621.3845 |
| 100 | 1 | _aCastro, Jonathan P. | |
| 245 | 1 | 0 |
_aAll IP in 3G CDMA networks: the UMTS infrastructure and service platforms for future mobile systems _bthe UMTS infrastructure and service platforms for future mobile systems _cJonathan P. Castro |
| 260 |
_aChichester, England : _bWiley, _ccop. 2004 |
||
| 300 |
_axxviii, 588 s. : _bill. ; _c26 cm. |
||
| 505 | 0 | 0 |
_g1. _tEvolving mobile networks -- _g2. _tSystem analysis fundamentals -- _g3. _tUMTS service components -- _g4. _tThe UTRA physical layer design -- _g5. _tThe UMTS development platform -- _g6. _tIP-multimedia subsystem (IMS) -- _g7. _tDeploying 3G networks -- _g8. _tHigh speed downlink packet access -- _g9. _tThe UTRA transmission system -- _g10. _t3G services enablers -- _g11. _tResource and network management -- _g12. _tComplementary UMTS technologies. |
| 520 | 1 | _a"All IP in 3G CDMA Networks covers all the key aspects of UMTS and its implementation from the engineering designer and the operator and service providers' points of view. It addresses the essential tasks involved in UMTS network deployment in new regions and within existing 2G/2.5G networks."--BK JACKET. | |
| 650 | 7 | _aTr夬?ommunikation | |
| 650 | 7 | _aWireless communication systems. | |
| 650 | 7 | _aMobile communication systems. | |
| 650 | 7 | _aGlobal system for mobile communications. | |
| 650 | 7 | _aWireless communication systems | |
| 650 | 7 | _aTr夬?ommunikation | |
| 650 | 7 | _aWireless communication systems | |
| 650 | 7 | _aTelekommunikation | |
| 650 | 7 | _aTelecommunication | |
| 942 |
_cBK _k621.3845 CAS _2ddc |
||
| 999 |
_c8345 _d8345 |
||